[Event "PRO League Group Stage"]
[Site "chess.com INT"]
[Date "2018.02.07"]
[Round "5"]
[White "Lopez, Jasel"]
[Black "Jones, Gawain C B"]
[Result "1-0"]
[WhiteTitle "FM"]
[BlackTitle "GM"]
[WhiteElo "2316"]
[BlackElo "2640"]
[WhiteTeam "Amsterdam Mosquitoes"]
[BlackTeam "London Towers"]
[WhiteFideId "15900045"]
[BlackFideId "409561"]
[EventDate "2018.01.18"]

1. d4 Nf6 2. Bf4 c5 3. d5 d6 4. Nc3 e5 5. dxe6 Bxe6 6. e4 Nc6 7. Nf3 d5 8. exd5
Nxd5 9. Nxd5 Bxd5 10. Qe2+ Be7 11. O-O-O O-O 12. c4 Bxf3 13. Rxd8 Bxe2 14. Rxa8
Rxa8 15. Bxe2 Nd4 16. Bd3 Rd8 17. Rd1 Bd6 18. Be3 Be5 19. h3 g6 20. Be4 b6 21.
Bd5 Nf5 22. Bg5 Rf8 23. Re1 Bd4 24. Re2 Kg7 25. g4 Nd6 26. b3 Re8 27. Rxe8 Nxe8
28. f3 Be5 29. Kc2 h6 30. Bd8 Kf8 31. Kd3 f6 32. Bc6 g5 33. a4 Ng7 34. a5 bxa5
35. Bd7 Kf7 36. Ke4 Ne6 37. Bxe6+ Kxe6 38. Bxa5 Bg3 39. Bc3 Bf2 40. Ba5 Bg3 41.
Bd2 Bf2 42. f4 Bd4 43. Be1 Bb2 44. Bg3 f5+ 45. gxf5+ Kf6 46. fxg5+ hxg5 47. h4
a6 48. h5 Kf7 49. Be5 Bc1 50. Kf3 Kg8 51. Bd6 Ba3 52. Kg4 Kg7 53. Kxg5 Bc1+ 54.
Kg4 Be3 55. Be5+ Kh7 56. Bf4 Bd4 57. Bg5 Kg7 58. Kf3 Kf7 59. Ke4 Ke8 60. Kd5 Kd7
61. h6 Kc7 62. f6 1-0

[Event "PRO League Group Stage"]
[Site "chess.com INT"]
[Date "2018.02.07"]
[Round "5"]
[White "Hilby, Craig"]
[Black "Stukopin, Andrey"]
[Result "1/2-1/2"]
[WhiteTitle "IM"]
[BlackTitle "GM"]
[WhiteElo "2390"]
[BlackElo "2590"]
[WhiteTeam "San Diego Surfers"]
[BlackTeam "Rio Grande Ospreys"]
[WhiteFideId "2062674"]
[BlackFideId "24107131"]
[EventDate "2018.01.18"]

1. Nf3 c5 2. e4 e6 3. d4 cxd4 4. Nxd4 Nc6 5. Nc3 Qc7 6. Be3 a6 7. Qd2 Nf6 8.
O-O-O Bb4 9. f3 Ne7 10. Nde2 h6 11. a3 Ba5 12. b4 Bb6 13. Bxb6 Qxb6 14. Qd4 Qxd4
15. Nxd4 d5 16. exd5 Nexd5 17. Nxd5 Nxd5 18. Re1 Bd7 19. c4 Rc8 20. Kb2 Ne7 21.
Nb3 h5 22. Nc5 Bc6 23. b5 axb5 24. cxb5 Bxf3 25. Nxe6 fxe6 26. gxf3 Kf7 27. Bh3
Nf5 28. Bxf5 exf5 29. Rc1 g5 30. b6 g4 31. Rc7+ Rxc7 32. bxc7 gxf3 33. Rf1 Rc8
34. Rxf3 Ke6 35. Re3+ Kd6 36. Rf3 Rxc7 37. Rxf5 Rc5 38. Rf6+ Kc7 39. Rh6 Rf5 40.
h4 b5 41. Kb3 Re5 1/2-1/2

[Event "PRO League Group Stage"]
[Site "chess.com INT"]
[Date "2018.02.07"]
[Round "5"]
[White "Hilby, Craig"]
[Black "Hevia Alejano, Carlos Antonio"]
[Result "1/2-1/2"]
[WhiteTitle "IM"]
[BlackTitle "GM"]
[WhiteElo "2390"]
[BlackElo "2488"]
[WhiteTeam "San Diego Surfers"]
[BlackTeam "Rio Grande Ospreys"]
[WhiteFideId "2062674"]
[BlackFideId "3508811"]
[EventDate "2018.01.18"]

1. e4 e6 2. d4 d5 3. Nc3 Bb4 4. e5 Qd7 5. a3 Bxc3+ 6. bxc3 b6 7. Qg4 f5 8. Qh5+
Qf7 9. Qd1 Ne7 10. a4 Nec6 11. h4 Na5 12. Nh3 h6 13. Nf4 Ba6 14. h5 Bxf1 15.
Kxf1 Nbc6 16. Rh3 Ne7 17. Ba3 g5 18. Bxe7 Kxe7 19. Ng6+ Kd7 20. Nxh8 Rxh8 21. g4
f4 22. Qd3 Nc4 23. Kg2 a5 24. Rb1 Ke7 25. Qg6 Qxg6 26. hxg6 Kf8 27. Rbh1 Kg7 28.
Kf3 Kxg6 29. Ke2 Nb2 30. Ra1 Rh7 31. Ra2 Nc4 32. Ra1 c6 33. Rb1 Rb7 34. Rbh1 Rh7
35. Rb1 Rh8 36. Rh2 f3+ 37. Kd3 h5 38. gxh5+ Rxh5 39. Rxh5 Kxh5 40. Rh1+ Kg6 41.
Rh8 b5 42. axb5 cxb5 43. Rb8 a4 44. Rxb5 a3 45. Rb8 g4 46. Rg8+ Kf5 47. Rf8+ Kg5
48. Rg8+ Kh5 49. Rh8+ Kg6 50. Rg8+ Kf5 51. Rf8+ Kg5 52. Rg8+ Kh5 53. Rh8+ Kg6
54. Rg8+ 1/2-1/2

[Event "PRO League Group Stage"]
[Site "chess.com INT"]
[Date "2018.02.07"]
[Round "5"]
[White "Stefansson, Hannes"]
[Black "Meier, Georg"]
[Result "0-1"]
[WhiteTitle "GM"]
[BlackTitle "GM"]
[WhiteElo "2523"]
[BlackElo "2647"]
[WhiteTeam "Reykjavik Puffins"]
[BlackTeam "Stockholm Snowballs"]
[WhiteFideId "2300087"]
[BlackFideId "4675789"]
[EventDate "2018.01.18"]

1. d4 e6 2. Nf3 Nf6 3. c4 Bb4+ 4. Bd2 Bxd2+ 5. Qxd2 O-O 6. g3 d6 7. Bg2 Nc6 8.
Nc3 e5 9. O-O Bg4 10. d5 Bxf3 11. Bxf3 Nb8 12. Bg2 Nbd7 13. b4 Qe7 14. Qc2 g6
15. Rfc1 Kg7 16. Rab1 h5 17. c5 dxc5 18. Nb5 cxb4 19. Qxc7 e4 20. Qd6 Qxd6 21.
Nxd6 Nxd5 22. Nxe4 Rad8 23. Rc2 Ne5 24. Nc5 b6 25. Na6 Rd7 26. Bxd5 Rxd5 27.
Rxb4 Rfd8 28. Nc7 Rd2 29. Rxd2 Rxd2 30. Re4 Nc6 31. a4 Rd4 32. Rxd4 Nxd4 33. e3
Ne2+ 34. Kf1 Nc3 35. a5 bxa5 36. Ke1 a4 37. Na6 a3 38. Nb4 a2 39. Nc2 g5 40. f3
g4 41. fxg4 hxg4 42. Kd2 Ne4+ 43. Kc1 Ng5 44. Kb2 Nf3 45. Kxa2 Nxh2 46. Kb3 Nf1
47. e4 Nxg3 48. Ne3 Nxe4 49. Nxg4 f5 50. Nh2 Nd6 51. Kb4 Nb7 52. Kb5 a5 53. Nf3
Kf6 54. Nd4 f4 55. Kb6 Ke5 56. Nf3+ Kd5 57. Kxb7 a4 58. Kb6 a3 59. Nd2 a2 0-1

[Event "PRO League Group Stage"]
[Site "chess.com INT"]
[Date "2018.02.07"]
[Round "5"]
[White "Stefansson, Hannes"]
[Black "Agrest, Inna"]
[Result "1-0"]
[WhiteTitle "GM"]
[BlackTitle "WIM"]
[WhiteElo "2523"]
[BlackElo "2280"]
[WhiteTeam "Reykjavik Puffins"]
[BlackTeam "Stockholm Snowballs"]
[WhiteFideId "2300087"]
[BlackFideId "1708830"]
[EventDate "2018.01.18"]

1. e4 e5 2. Nf3 Nc6 3. Bb5 a6 4. Ba4 Nf6 5. d3 b5 6. Bb3 Bc5 7. O-O d6 8. a4 Rb8
9. h3 h6 10. Nc3 O-O 11. axb5 axb5 12. Nd5 Nxd5 13. Bxd5 Ne7 14. Bb3 Ng6 15. d4
Bb6 16. c3 Qf6 17. Be3 Bb7 18. Bc2 Rfe8 19. d5 Bc8 20. Bxb6 Rxb6 21. Ra7 Nf4 22.
Kh2 Qg6 23. Rg1 Qh5 24. Ne1 Qh4 25. Qf3 Rb7 26. Rxb7 Bxb7 27. Nd3 c6 28. Nxf4
exf4 29. dxc6 Bxc6 30. Rd1 Re6 31. Rd4 Rg6 32. Bb3 Qg5 33. Bd5 Bd7 34. b4 h5 35.
Kg1 Bg4 36. hxg4 hxg4 37. Qd3 g3 38. Qf3 Qh4 39. Rd3 Qh2+ 40. Kf1 Qh1+ 41. Ke2
Qc1 42. Rd1 Qc2+ 43. Rd2 Qc1 44. Qxf4 Rf6 45. Qxg3 Qa1 46. e5 dxe5 47. Be4 g6
48. Qxe5 Kg7 49. g4 1-0

[Event "PRO League Group Stage"]
[Site "chess.com INT"]
[Date "2018.02.07"]
[Round "5"]
[White "Thorhallsson, Throstur"]
[Black "Blomqvist, Erik"]
[Result "1-0"]
[WhiteTitle "GM"]
[BlackTitle "GM"]
[WhiteElo "2418"]
[BlackElo "2502"]
[WhiteTeam "Reykjavik Puffins"]
[BlackTeam "Stockholm Snowballs"]
[WhiteFideId "2300109"]
[BlackFideId "1709437"]
[EventDate "2018.01.18"]

1. e4 d5 2. exd5 Qxd5 3. Nc3 Qa5 4. d4 Nf6 5. Nf3 Bf5 6. Bd3 Bxd3 7. Qxd3 e6 8.
O-O Bb4 9. Bg5 Nbd7 10. Ne4 Nxe4 11. Qxe4 c6 12. c4 Bd6 13. a3 O-O 14. c5 Bb8
15. Be7 Re8 16. Ng5 g6 17. Qh4 h5 18. Ne4 Qc7 19. Nd6 Rc8 20. Rfe1 b6 21. Rac1
a5 22. Qg5 bxc5 23. dxc5 a4 24. Rxe6 Nf8 25. Re3 Ra5 26. Qf6 1-0

[Event "PRO League Group Stage"]
[Site "chess.com INT"]
[Date "2018.02.07"]
[Round "5"]
[White "Thorhallsson, Throstur"]
[Black "Agrest, Evgenij"]
[Result "1-0"]
[WhiteTitle "GM"]
[BlackTitle "GM"]
[WhiteElo "2418"]
[BlackElo "2584"]
[WhiteTeam "Reykjavik Puffins"]
[BlackTeam "Stockholm Snowballs"]
[WhiteFideId "2300109"]
[BlackFideId "1705024"]
[EventDate "2018.01.18"]

1. e4 c6 2. d4 d5 3. exd5 cxd5 4. Bd3 Nc6 5. c3 Qc7 6. h3 Nf6 7. Nf3 g6 8. O-O
Bf5 9. Re1 Bg7 10. Bxf5 gxf5 11. Nh4 O-O-O 12. Nxf5 Rhg8 13. Qf3 Qd7 14. Nd2 Bf8
15. Ng3 Rg6 16. Nb3 e6 17. Bf4 Be7 18. Rad1 Rdg8 19. Nc5 Bxc5 20. dxc5 h5 21. h4
Qe8 22. c4 d4 23. b4 Nxb4 24. Rxd4 Nc2 25. Rb1 Qe7 26. Qc6+ 1-0

[Event "PRO League Group Stage"]
[Site "chess.com INT"]
[Date "2018.02.07"]
[Round "5"]
[White "Petrosian, Tigran L."]
[Black "Stremavicius, Titas"]
[Result "1-0"]
[WhiteTitle "GM"]
[BlackTitle "IM"]
[WhiteElo "2606"]
[BlackElo "2432"]
[WhiteTeam "Seattle Sluggers"]
[BlackTeam "Dallas Destiny"]
[WhiteFideId "13301616"]
[BlackFideId "12804444"]
[EventDate "2018.01.18"]

1. Nf3 f5 2. c3 Nf6 3. d4 e6 4. g3 b6 5. Bg2 Bb7 6. O-O Be7 7. a4 O-O 8. a5 Qe8
9. Bg5 Ne4 10. Bxe7 Qxe7 11. Nfd2 d5 12. Qa4 Bc6 13. Qb3 Nd7 14. e3 b5 15. a6
Nb6 16. Qb4 Qxb4 17. cxb4 Nxd2 18. Nxd2 Nc4 19. Rfc1 Be8 20. Nb3 Nxb2 21. Rxc7
Rf7 22. Rc2 Nc4 23. Nc5 Bd7 24. Re1 Re8 25. f3 Bc6 26. e4 Rfe7 27. Rce2 Kf7 28.
Kf2 Kf6 29. h4 g6 30. g4 e5 31. exd5 Bxd5 32. dxe5+ Nxe5 33. Rxe5 Rxe5 34. Nd7+
Ke6 35. Rxe5+ Kxd7 36. Rxd5+ Kc6 37. f4 Kb6 38. Rd6+ Kc7 39. Rc6+ Kd7 40. gxf5
gxf5 41. Rh6 1-0

[Event "PRO League Group Stage"]
[Site "chess.com INT"]
[Date "2018.02.07"]
[Round "5"]
[White "Petrosian, Tigran L."]
[Black "Harmon-Vellotti, Luke"]
[Result "1/2-1/2"]
[WhiteTitle "GM"]
[BlackTitle "IM"]
[WhiteElo "2606"]
[BlackElo "2468"]
[WhiteTeam "Seattle Sluggers"]
[BlackTeam "Dallas Destiny"]
[WhiteFideId "13301616"]
[BlackFideId "2030012"]
[EventDate "2018.01.18"]

1. Nf3 Nf6 2. g3 b5 3. Bg2 Bb7 4. Na3 b4 5. Nc4 c5 6. O-O e6 7. b3 d5 8. Nce5
Bd6 9. Bb2 O-O 10. a3 a5 11. axb4 axb4 12. Rxa8 Bxa8 13. Qa1 Nc6 14. Nxc6 Bxc6
15. d3 Qe7 16. Ne5 Bb7 17. Nf3 Ra8 18. Bxf6 Qxf6 19. Qxf6 gxf6 20. e4 Ra2 21.
exd5 Bxd5 22. Rc1 Be5 23. Nxe5 fxe5 24. g4 Kg7 25. h4 f6 26. Kh2 h6 27. Kg3 Kg6
28. Be4+ Bxe4 29. dxe4 f5 30. f3 fxe4 31. fxe4 c4 32. bxc4 Ra3+ 33. Kf2 Rc3 34.
Ke2 Rxc4 35. Kd3 Rc3+ 36. Kd2 Rg3 37. g5 hxg5 38. hxg5 Kxg5 39. Rb1 Kf4 40. Rxb4
Re3 41. Rb6 1/2-1/2

[Event "PRO League Group Stage"]
[Site "chess.com INT"]
[Date "2018.02.07"]
[Round "5"]
[White "Cornette, Matthieu"]
[Black "Bauer, Christian"]
[Result "0-1"]
[WhiteTitle "GM"]
[BlackTitle "GM"]
[WhiteElo "2611"]
[BlackElo "2625"]
[WhiteTeam "Cannes Blockbusters"]
[BlackTeam "London Lions"]
[WhiteFideId "620084"]
[BlackFideId "603767"]
[EventDate "2018.01.18"]

1. e4 e6 2. d4 d5 3. exd5 exd5 4. Nf3 Bg4 5. Qe2+ Ne7 6. h3 Bh5 7. Qb5+ Nbc6 8.
g4 a6 9. Qxb7 Bg6 10. c3 h5 11. Rg1 hxg4 12. hxg4 Bc2 13. Bf4 Ra7 14. Bxc7 Rxb7
15. Bxd8 Kxd8 16. b4 a5 17. b5 Na7 18. Ne5 Ng6 19. Nxg6 Bxg6 20. a4 Nc8 21. Nd2
Bd6 22. Nb3 Ra7 23. Nc5 Nb6 24. Ra2 Rc7 0-1

[Event "PRO League Group Stage"]
[Site "chess.com INT"]
[Date "2018.02.07"]
[Round "5"]
[White "Cornette, Matthieu"]
[Black "Horton, Andrew P"]
[Result "1-0"]
[WhiteTitle "GM"]
[BlackTitle "FM"]
[WhiteElo "2611"]
[BlackElo "2397"]
[WhiteTeam "Cannes Blockbusters"]
[BlackTeam "London Lions"]
[WhiteFideId "620084"]
[BlackFideId "424269"]
[EventDate "2018.01.18"]

1. Nf3 Nf6 2. c4 e6 3. g3 b6 4. Bg2 Bb7 5. O-O Be7 6. Nc3 O-O 7. Re1 d5 8. cxd5
exd5 9. d4 Na6 10. Bg5 h6 11. Bxf6 Bxf6 12. e4 dxe4 13. Nxe4 Re8 14. Ne5 Bxe5
15. dxe5 Qxd1 16. Raxd1 Bxe4 17. Bxe4 Rad8 18. f4 Nc5 19. Bc6 Rf8 20. Kf1 Ne6
21. Bd5 c5 22. Bxe6 fxe6 23. Rd6 Rxd6 24. exd6 Kf7 25. Kf2 Rd8 26. Rd1 Kf6 27.
Kf3 e5 28. Ke4 exf4 29. Kd5 g5 30. g4 c4 31. Re1 b5 32. Kc6 b4 33. Kc7 Ra8 34.
d7 c3 35. bxc3 bxc3 36. d8=Q+ Rxd8 37. Kxd8 f3 38. Kc7 c2 39. Kd6 h5 40. h3 hxg4
41. hxg4 f2 42. Rf1 Kg6 43. Ke6 a6 44. a3 a5 45. a4 Kg7 46. Kf5 Kh6 47. Kf6 1-0

[Event "PRO League Group Stage"]
[Site "chess.com INT"]
[Date "2018.02.07"]
[Round "5"]
[White "Rendle, Thomas E"]
[Black "Spoelman, Wouter"]
[Result "0-1"]
[WhiteTitle "IM"]
[BlackTitle "GM"]
[WhiteElo "2362"]
[BlackElo "2578"]
[WhiteTeam "London Towers"]
[BlackTeam "Amsterdam Mosquitoes"]
[WhiteFideId "408760"]
[BlackFideId "1010891"]
[EventDate "2018.01.18"]

1. e4 c5 2. Nc3 Nc6 3. Bb5 Nd4 4. Bc4 g6 5. Nge2 Bg7 6. Nxd4 cxd4 7. Qf3 Nh6 8.
d3 O-O 9. Nd5 e6 10. Nf6+ Qxf6 11. Qxf6 Bxf6 12. Bxh6 Rd8 13. a4 d5 14. exd5
exd5 15. Bb3 a5 16. h4 Be6 17. Bg5 Kg7 18. Kd2 h6 19. Bxf6+ Kxf6 20. g3 Rac8 21.
Rae1 Rc5 22. f4 Rd6 23. h5 g5 24. fxg5+ Kxg5 25. Rh4 Bg4 26. Re5+ f5 27. Re7 b5
28. Rg7+ Kf6 29. Rg6+ Ke7 30. Rg7+ Kf6 31. Rg6+ Ke7 32. Rg7+ Kf8 33. Rb7 bxa4
34. Bxa4 Re6 35. Rh2 Re3 36. Rb8+ Kg7 37. Rb7+ Kf6 38. Rh7 Rxg3 39. Rxh6+ Kg7
40. Rd6 f4 41. h6+ Kh7 42. Be8 Rc8 43. Bg6+ Kh8 44. Rxd5 Rg1 45. c4 dxc3+ 46.
bxc3 Rb8 47. c4 Be6 48. Rxa5 Rb2+ 49. Kc3 Rxh2 50. Ra8+ Bg8 51. Be4 Rxh6 52. c5
Rf6 53. c6 f3 54. Kd4 f2 55. c7 Rc1 56. Ra1 Rxa1 57. c8=Q f1=Q 0-1

[Event "PRO League Group Stage"]
[Site "chess.com INT"]
[Date "2018.02.07"]
[Round "5"]
[White "Rendle, Thomas E"]
[Black "Lopez, Jasel"]
[Result "0-1"]
[WhiteTitle "IM"]
[BlackTitle "FM"]
[WhiteElo "2362"]
[BlackElo "2316"]
[WhiteTeam "London Towers"]
[BlackTeam "Amsterdam Mosquitoes"]
[WhiteFideId "408760"]
[BlackFideId "15900045"]
[EventDate "2018.01.18"]

1. e4 e6 2. d4 d5 3. Nd2 Nf6 4. e5 Nfd7 5. Bd3 c5 6. c3 Nc6 7. Ngf3 h6 8. Bc2 b6
9. a3 a5 10. Kf1 g5 11. h3 Ba6+ 12. Kg1 Bb5 13. Nf1 a4 14. Ng3 Qc8 15. Be3 Qa6
16. Nh2 Be7 17. Nh5 O-O-O 18. Ng4 Rdf8 19. Kh2 f5 20. exf6 Nxf6 21. Nhxf6 Bxf6
22. Nxf6 Rxf6 23. dxc5 bxc5 24. Bxc5 h5 25. Qd2 g4 26. hxg4 hxg4+ 27. Kg1 Rxh1+
28. Kxh1 Qb7 29. Qg5 Qf7 30. Qxg4 Rh6+ 31. Kg1 Ne5 32. Qg5 Rh5 33. Qe7 Nf3+ 34.
gxf3 Qg8+ 0-1

[Event "PRO League Group Stage"]
[Site "chess.com INT"]
[Date "2018.02.07"]
[Round "5"]
[White "Connell, Blair N"]
[Black "Admiraal, Miguoel"]
[Result "0-1"]
[BlackTitle "IM"]
[WhiteElo "2234"]
[BlackElo "2453"]
[WhiteTeam "London Towers"]
[BlackTeam "Amsterdam Mosquitoes"]
[WhiteFideId "403725"]
[BlackFideId "1019716"]
[EventDate "2018.01.18"]

1. e4 c6 2. d4 d5 3. exd5 cxd5 4. Bd3 Nc6 5. c3 Qc7 6. Ne2 Bg4 7. O-O e6 8. Qe1
Be7 9. Bf4 Qb6 10. b4 Bh5 11. a4 Bg6 12. a5 Qd8 13. Bb5 a6 14. Bxc6+ bxc6 15.
Nc1 Nf6 16. Nd2 O-O 17. h3 Nd7 18. Qe3 Re8 19. Nd3 Bf8 20. Nf3 f6 21. Rfe1 Qc8
22. Qd2 Qb7 23. Re3 Qb5 24. Rae1 Be4 25. Bg3 g6 26. Bf4 Bg7 27. R1e2 Kf7 28. h4
h6 29. g4 Bxd3 30. Rxd3 e5 31. dxe5 fxe5 32. Bxh6 e4 33. Qf4+ Kg8 34. Bxg7 Qxd3
35. Ng5 Re7 36. Re3 Qd1+ 37. Kh2 Rxg7 38. Qd6 Qxg4 39. Rg3 Qf5 40. Ne6 Qxf2+ 41.
Kh3 Qf5+ 42. Kh2 Rf8 43. Nxg7 Kxg7 44. Qe7+ Rf7 45. Qc5 Qf2+ 46. Qxf2 Rxf2+ 47.
Kh3 Rf3 0-1

[Event "PRO League Group Stage"]
[Site "chess.com INT"]
[Date "2018.02.07"]
[Round "5"]
[White "Connell, Blair N"]
[Black "Van Wely, Loek"]
[Result "0-1"]
[BlackTitle "GM"]
[WhiteElo "2234"]
[BlackElo "2656"]
[WhiteTeam "London Towers"]
[BlackTeam "Amsterdam Mosquitoes"]
[WhiteFideId "403725"]
[BlackFideId "1000268"]
[EventDate "2018.01.18"]

1. e4 c5 2. Nf3 e6 3. d4 cxd4 4. Nxd4 Nc6 5. Nc3 d6 6. Be3 Nf6 7. f4 e5 8. Nf3
Ng4 9. Qd2 Nxe3 10. Qxe3 exf4 11. Qxf4 Be7 12. O-O-O O-O 13. Nd5 Be6 14. Bb5
Bxd5 15. exd5 Ne5 16. Kb1 Bf6 17. c3 a6 18. Be2 Rc8 19. Nd4 Rc5 20. Nb3 Rc7 21.
Bd3 g6 22. g4 Re8 23. Rhf1 Bg5 24. Qg3 Bh4 25. Qg2 Rce7 26. Nd4 Bg5 27. h3 Qb6
28. Nf5 gxf5 29. gxf5 f6 30. h4 Nxd3 31. hxg5 Re2 0-1

[Event "PRO League Group Stage"]
[Site "chess.com INT"]
[Date "2018.02.07"]
[Round "5"]
[White "Gunina, Valentina"]
[Black "Harvey, Marcus R"]
[Result "1-0"]
[WhiteTitle "GM"]
[BlackTitle "FM"]
[WhiteElo "2502"]
[BlackElo "2349"]
[WhiteTeam "Cannes Blockbusters"]
[BlackTeam "London Lions"]
[WhiteFideId "4167570"]
[BlackFideId "400092"]
[EventDate "2018.01.18"]

1. e4 e6 2. d4 d5 3. exd5 exd5 4. Nf3 Bd6 5. c4 c6 6. Nc3 Ne7 7. Be2 O-O 8. O-O
dxc4 9. Bxc4 Bg4 10. h3 Bh5 11. Ne4 Nd5 12. Qb3 b5 13. Bxd5 cxd5 14. Ng3 Bxg3
15. fxg3 Bxf3 16. Rxf3 Nc6 17. Be3 Qb6 18. Rf5 Rad8 19. Rd1 Na5 20. Qb4 Nc4 21.
Bf2 a5 22. Qc5 Qe6 23. g4 Nxb2 24. Re1 Qd6 25. Qxb5 Nc4 26. Bh4 f6 27. g5 fxg5
28. Rxf8+ Rxf8 29. Bxg5 Kh8 30. Re8 Qa3 31. Rxf8+ Qxf8 32. Qxd5 Qg8 33. Qc6 h6
34. Bf4 Qf7 35. Bg3 Ne3 36. Qa8+ Kh7 37. Qe4+ Nf5 38. d5 g6 39. Bf2 Qd7 40. Qe5
Qd6 41. Qxd6 Nxd6 42. Kf1 Ne4 43. Be1 a4 44. Ke2 Nf6 45. d6 Kg8 46. Kd3 Kf7 47.
Kc4 Ke6 48. Bb4 Nh5 49. Kb5 Kd7 50. Kxa4 Nf4 51. Kb5 Nxg2 52. a4 Ne3 53. a5 Nf5
54. Bc5 Ng7 55. a6 Kc8 56. Kc6 Ne6 57. a7 Nd8+ 58. Kb6 1-0

[Event "PRO League Group Stage"]
[Site "chess.com INT"]
[Date "2018.02.07"]
[Round "5"]
[White "Gunina, Valentina"]
[Black "Edouard, Romain"]
[Result "0-1"]
[WhiteTitle "GM"]
[BlackTitle "GM"]
[WhiteElo "2502"]
[BlackElo "2613"]
[WhiteTeam "Cannes Blockbusters"]
[BlackTeam "London Lions"]
[WhiteFideId "4167570"]
[BlackFideId "633429"]
[EventDate "2018.01.18"]

1. e4 c5 2. Nf3 Nc6 3. Bb5 e6 4. Bxc6 bxc6 5. O-O f6 6. e5 Nh6 7. d4 Nf7 8. Nc3
cxd4 9. Qxd4 Bb7 10. Bf4 c5 11. Qe3 Bxf3 12. gxf3 fxe5 13. Bxe5 Nxe5 14. Qxe5
Qf6 15. Qe4 Rb8 16. Rad1 Be7 17. a3 d5 18. Qg4 h5 19. Qh3 Rh6 20. Kh1 Rxb2 21.
Nxd5 exd5 22. Rfe1 d4 23. Re4 Kf7 24. Rde1 Rb7 25. Re6 Qxe6 26. Rxe6 Rxe6 27.
Qxh5+ g6 28. Qd5 Rb8 29. Kg2 Rh8 30. Qb7 a6 31. Qb3 Rh5 32. Qc4 Bd6 33. c3 Rg5+
34. Kh3 Kf6 35. f4 Bxf4 36. cxd4 Re8 37. Qxa6+ Kg7 38. Qb7+ Kh6 39. Qf7 Rh8 40.
dxc5 Be5 41. Qe7 Rb8 42. f3 Rf5 43. Kg2 Rb2+ 44. Kg1 Bd4+ 45. Kh1 Rb1+ 0-1

[Event "PRO League Group Stage"]
[Site "chess.com INT"]
[Date "2018.02.07"]
[Round "5"]
[White "Harmon-Vellotti, Luke"]
[Black "Nakamura, Hikaru"]
[Result "1/2-1/2"]
[WhiteTitle "IM"]
[BlackTitle "GM"]
[WhiteElo "2468"]
[BlackElo "2781"]
[WhiteTeam "Dallas Destiny"]
[BlackTeam "Seattle Sluggers"]
[WhiteFideId "2030012"]
[BlackFideId "2016192"]
[EventDate "2018.01.18"]

1. e4 e5 2. Nf3 Nc6 3. Bb5 Nf6 4. O-O Nxe4 5. d4 Nd6 6. dxe5 Nxb5 7. a4 Nbd4 8.
Nxd4 Nxd4 9. Qxd4 d5 10. Nc3 c6 11. f4 Qb6 12. Qxb6 axb6 13. Be3 Bf5 14. Bxb6
Bxc2 15. a5 g6 16. Na4 Bb4 17. Nc5 Bxc5+ 18. Bxc5 Kd7 1/2-1/2

[Event "PRO League Group Stage"]
[Site "chess.com INT"]
[Date "2018.02.07"]
[Round "5"]
[White "Harmon-Vellotti, Luke"]
[Black "He, Anthony"]
[Result "1-0"]
[WhiteTitle "IM"]
[BlackTitle "FM"]
[WhiteElo "2468"]
[BlackElo "2246"]
[WhiteTeam "Dallas Destiny"]
[BlackTeam "Seattle Sluggers"]
[WhiteFideId "2030012"]
[BlackFideId "2088215"]
[EventDate "2018.01.18"]

1. e4 c5 2. Nf3 Nc6 3. d4 cxd4 4. Nxd4 Nf6 5. Nc3 d6 6. Bg5 e6 7. Qd2 a6 8.
O-O-O Bd7 9. f3 Be7 10. h4 h6 11. Be3 h5 12. Bg5 Ne5 13. Bd3 b5 14. Nce2 Rc8 15.
Kb1 Qb6 16. Rhg1 a5 17. Rdf1 b4 18. g4 hxg4 19. fxg4 a4 20. h5 Nexg4 21. Rxg4
Nxg4 22. Bxe7 Rxh5 23. Qf4 Ne5 24. Bh4 Qc5 25. Be1 Rc7 26. Qg3 Rh7 27. Bd2 a3
28. Nb3 Qb6 29. Bc1 Nxd3 30. cxd3 e5 31. bxa3 bxa3 32. Bxa3 Ra7 33. Bb2 Be6 34.
Nec1 Kf8 35. Rd1 Rh3 36. Qg1 Qb7 37. Qf2 Qa8 38. Rg1 f6 39. Qb6 Ra6 40. Qb4 Rh2
41. Rd1 Kg8 42. Rd2 Rh1 43. Kc2 Rc6+ 44. Bc3 d5 45. exd5 Bxd5 46. Kb2 Rc8 47.
Qg4 Qc6 48. Rc2 Be6 49. Qg3 Qa8 50. d4 exd4 51. Bxd4 Rxc2+ 52. Kxc2 Qe4+ 53. Kc3
Qc6+ 54. Kb2 Bf5 55. Qc3 Qg2+ 56. Ka3 Rh3 57. Qc4+ Kh7 58. Qb5 Be6 59. Qe2 Qd5
60. Kb2 Bf5 61. Qf2 Qe4 62. Ka3 Be6 63. Kb2 Qc6 64. Bc5 Qc7 65. Qg1 Rh2+ 66. Ka1
Bf5 67. Qe3 Rh1 68. Kb2 Qh2+ 69. Ka3 Qb8 70. Qf3 Rxc1 71. Qxf5+ g6 72. Qd7+ Kh6
73. Nxc1 Qa8+ 74. Ba7 Qf3+ 75. Nb3 1-0

[Event "PRO League Group Stage"]
[Site "chess.com INT"]
[Date "2018.02.07"]
[Round "5"]
[White "Jones, Gawain C B"]
[Black "Admiraal, Miguoel"]
[Result "1-0"]
[WhiteTitle "GM"]
[BlackTitle "IM"]
[WhiteElo "2640"]
[BlackElo "2453"]
[WhiteTeam "London Towers"]
[BlackTeam "Amsterdam Mosquitoes"]
[WhiteFideId "409561"]
[BlackFideId "1019716"]
[EventDate "2018.01.18"]

1. g3 d5 2. Bg2 e5 3. d3 Nf6 4. Nf3 Bd6 5. c4 dxc4 6. Qa4+ Nc6 7. Qxc4 h6 8. Nc3
O-O 9. O-O Re8 10. Be3 Be6 11. Qh4 Ne7 12. Ne4 Nxe4 13. dxe4 Ng6 14. Qh5 Qd7 15.
h3 Qb5 16. b3 Qxe2 17. Rfd1 a5 18. Bf1 Qc2 19. Bb5 Qxe4 20. Nd2 Qb4 21. Bxe8
Rxe8 22. Rac1 a4 23. Nc4 axb3 24. axb3 Bf8 25. Rd3 e4 26. Rd4 Qxb3 27. Nd2 Qb2
28. Rxc7 b5 29. Nxe4 b4 30. Kh2 b3 31. Nc3 Qa1 32. Rd1 b2 33. Ra7 Ba3 34. Bd4
Bb3 35. Qb5 Re1 36. Qxb3 Nh8 37. Rxe1 Qxe1 38. Rxa3 Qd2 39. Qb8+ Kh7 40. Qe5 f6
41. Qf5+ Ng6 42. h4 Qxd4 43. h5 1-0